| 000 | 00284 a2200109 4500 | ||
|---|---|---|---|
| 001 | 55481 | ||
| 082 | _a621.3813322 GIA | ||
| 090 |
_c34429 _d34429 |
||
| 100 |
_aGiannini, F. _aLeuzzi, G. |
||
| 245 | _aNonlinear microwave circuit design | ||
| 260 |
_aNJ _bJohn Wiely & Sons _c2004 |
||
| 942 |
_aNUST-CAE _k621.3813322 GIA |
||
| 999 |
_c290554 _d290554 |
||